Тенденции научно-технического прогресса (Запись № 5399667)

Подробности
000 -МАРКЕР
контрольное поле 01013nas1a22001811i 4500
001 - ИДЕНТИФИКАТОР ЗАПИСИ
контрольное поле rc\538174
005 - ИДЕНТИФИКАТОР ВЕРСИИ
контрольное поле 20240726043443.0
035 ## - ДРУГИЕ СИСТЕМНЫЕ НОМЕРА
Идентификатор записи (NLR Aleph) 005812530
100 ## - ДАННЫЕ ОБЩЕЙ ОБРАБОТКИ
Данные общей обработки 20030616a19879999u |0rusy50 ca
101 0# - ЯЗЫК РЕСУРСА
Язык текста, звукозаписи и т.д. русский
102 ## - СТРАНА ПУБЛИКАЦИИ ИЛИ ПРОИЗВОДСТВА
Страна публикации российская федерация
200 1# - ЗАГЛАВИЕ И СВЕДЕНИЯ ОБ ОТВЕТСТВЕННОСТИ
Основное заглавие Тенденции научно-технического прогресса
Сведения, относящиеся к заглавию Информ. о достижениях науки и техники в странах Европы, предложения по орг. науч.-техн. и экон. сотрудничеству с СССР
-- Специализир. изд. журн. "Мессе магазин интернациональ"
Первые сведения об ответственности "Мессемагазин интернациональ" и В/О "Внешторгреклама"
Последующие сведения об ответственности Пер. В/О "Внешторгиздат"
210 ## - ПУБЛИКАЦИЯ, РАСПРОСТРАНЕНИЕ И ДР.
Место издания, распространения и т.д. Дюссельдорф
Имя издателя, распространителя и т. д. Плам и К°
Место издания, распространения и т.д. М.
Имя издателя, распространителя и т. д. В/О "Внешторгреклама"
Дата издания, распространения и т.д. 1987-
801 #0 - ИСТОЧНИК ЗАПИСИ
Страна российская федерация
Организация NLR
Правила каталогизации psbo
801 #1 - ИСТОЧНИК ЗАПИСИ
Страна российская федерация
Организация ELAR
Источник данных rusmarc
852 ## - МЕСТОНАХОЖДЕНИЕ И ШИФР ХРАНЕНИЯ
Идентификатор организации NLR
Шифр хранения (Call Number) П11/3422
942 ## - ДОПОЛНИТЕЛЬНЫЕ ЭЛЕМЕНТЫ ЗАПИСИ (АБИС)
Тип экземпляра АБИС Продолжающееся издание

Нет доступных экземпляров.